000 00714nam a22002177a 4500
999 _c165328
_d165328
005 20190613160755.0
010 _aENG-125583
020 _a9789385995668
_c2499.00
035 _aEN-109115
037 _bDBAD/PUB
082 _a333.9
100 _aAbdeen Mustafa Omer
245 _aBIofules, solar energy and future perspectives/
_cby Abdeen Mustafa Omer, Murtaz Abid [and] M.M. Abid Ali Khan
260 _aNew Delhi
_bLenin media
_c2019
270 _a204,2nd floor, Durga Complex CSC.
_bMayur Vihar II, New Delhi
_e110092
300 _a380p.
_c24cm(Hb)
_bill.
700 _aAndeen Mustafa Omer
700 _aMurtaza Abid
700 _aM.M. Abid Ali Khan
942 _2ddc
_cEN
_h333.9
_mABD